000 00333cam a2200145ua 4500
003 OSt
008 230506b |||||||| |||| 00| 0 eng d
041 _aeng
082 _a631.316
_bIND/TE
245 _aTest code for power tillers ,IS:9935-1981 /
250 _a1 /
260 _a :
_bISI ,
_c1982.
300 _a48 ; .
942 _cBK
999 _c4231
_d4231